Azur Lane Ship Quiz - Northern Parliament - Statistics

General Stats
  • This quiz has been taken 10 times
  • The average score is 12 of 34
Answer Stats
Rarity Shipgirl % Correct
UR Sovetsky Soyuz
67%
SR Tashkent
67%
SR Tashkent μ
67%
Decisive Admiral Nakhimov
56%
SR Avrora
56%
Elite Gangut
56%
SR Kazan
56%
SR Kiev
56%
SR Sovetskaya Belorussiya
56%
Elite Minsk
44%
Elite Murmansk
44%
Elite Poltava
44%
Elite Sevastopol
44%
SR Sovetskaya Rossiya
44%
SR Tallinn
44%
SR Chapayev
33%
Elite Grozny
33%
SR Kursk
33%
Elite Pamiat' Merkuria
33%
SR Volga
33%
Priority Chkalov
22%
Elite Gromky
22%
SR Kirov
22%
Elite Oleg
22%
Elite Svirepy
22%
SR Voroshilov
22%
Elite Arkhangelsk
11%
Priority Dmitri Donskoi
11%
Elite Gremyashchy
11%
UR Kronshtadt
11%
SR Ognevoy
11%
Elite Stremitelny
11%
SR Kuybyshev
0%
Elite Soobrazitelny
0%
No matching quizzes found
Score Distribution
Percent of People with Each Score
Percentile by Number Answered
Your Score History
You have not taken this quiz